Statistics for States and Territories Established in 1953 on a Map

Click here to take the quiz!

General Stats

  • This quiz has been taken 16 times
  • The average score is 4 of 15

Answers on the Map

Answers color-coded by a green-red scale on the quiz's map according to % correct below.
 

Answer Stats

Answer% Correct
Greenland
100%
Kingdom of Cambodia
100%
Federation of Rhodesia and Nyasaland
38%
Magadan
23%
Misiones
23%
Cheto
15%
Çukurca
15%
Ili Kazakh
15%
Llipata
15%
Rio Grande
15%
Santa Cruz
15%
Susumansky
15%
Tenkinsky
15%
Tibillo
15%
Zamora-Chinchipe
15%

Score Distribution

Percentile by Number Answered

Percent of People with Each Score

Your Score History

You have not taken this quiz